LEADER 01600nam1-2200409---450- 001 990005978340203316 005 20141107092011.0 010 $a8-88-09-76440-8 035 $a000597834 035 $aUSA01000597834 035 $a(ALEPH)000597834USA01 035 $a000597834 100 $a20110420g20139999km-y0itay50------ba 101 0 $aita 102 $aIT 105 $a||||||||001yy 200 1 $aAutismo$ecome e cosa fare con bambini e ragazzi a scuola$fa cura di Lucio Cottini, Giacomo Vivanti 210 $aFirenze$cGiunti Scuola$d2013 215 $a3 volumi in contenitore$d27 cm 225 2 $aGuide psicopedagogiche$edifficoltà e disturbi specifici dell'apprendimento 300 $aIn copertina: 1 guida operativa e 2 workbook; espansioni on line 410 0$12001$aGuide psicopedagogiche$edifficoltà e disturbi specifici dell'apprendimento 463 \1$1001990005978350203316$12001 $aWorkbook 1$eStrategie d'intervento e attività didattiche per bambini e ragazzi con basso livello di funzionalità 463 \1$1001990005978360203316$12001 $aWorkbook 2$eStrategie d'intervento e attività didattiche per bambini e ragazzi con medio e alto livello di funzionalità 606 0 $aAutismo$2BNCF 676 $a616.8982 702 1$aCOTTINI,$bLucio 702 1$aVIVANTI,$bGiacomo$f<1979-> 801 0$aIT$bsalbc$gISBD 912 $a990005978340203316 951 $aII.3. /1-2$bL.M.$cII.3. 959 $aBK 969 $aUMA 979 $aPASSARO$b90$c20141107$lUSA01$h0908 979 $aPASSARO$b90$c20141107$lUSA01$h0920 996 $aAutismo$9555389 997 $aUNISA LEADER 01964nam0 2200433 i 450 001 CFI0114572 005 20251003044122.0 010 $a8820422859 020 $aIT$b90-307 100 $a20111021d1987 ||||0itac50 ba 101 | $aita 102 $ait 181 1$6z01$ai $bxxxe 182 1$6z01$an 200 1 $aCambiamento tecnologico e teorie dell'impresa$fa cura di Giorgio Lunghini, Sergio Vaccà 210 $aMilano$cF. Angeli$d©1987 215 $a322 p.$d22 cm. 225 | $aEconomia & tecnologia$v1 410 0$1001CFI0114576$12001 $aEconomia & tecnologia$v1 606 $aAziende industriali$xInnovazione tecnologica$2FIR$3CFIC006266$9E 676 $a338$9PRODUZIONE$v21 676 $a338.45$9EFFICIENZA PRODUTTIVA$v20 676 $a338.4567$9RENDIMENTO DELLA PRODUZIONE NELLE INDUSTRIE MANIFATTURIERE$v19 676 $a658.514$9ORGANIZZAZIONE DELLA PRODUZIONE. USO DELLA TECNOLOGIA$v23 696 $aImprese industriali$aAzienda industriale$aIndustrie 699 $aAziende industriali$yImprese industriali 699 $aAziende industriali$zAzienda industriale 699 $aAziende industriali$yIndustrie 702 1$aLunghini$b, Giorgio$3CFIV016609 702 1$aVaccà$b, Sergio$3CFIV036801 790 1$aVaccà$b, Sergio$f <1926-2007>$3BVEV290061$zVaccà, Sergio 801 3$aIT$bIT-000000$c20111021 850 $aIT-BN0095 901 $bNAP 01$cPOZZO LIB.$nVi sono collocati fondi di economia, periodici di ingegneria e scienze, periodici di economia e statistica e altri fondi comprendenti documenti di economia pervenuti in dono. 912 $aCFI0114572 950 0$aBiblioteca Centralizzata di Ateneo$c1 v.$d 01POZZO LIB.ECON MON 8532$e 0101 0000102825E VMA 1 v. (Precedente collocazione GUERRAZZI B 1420)$fB $h20091210$i20091210 977 $a 01 996 $aCambiamento tecnologico e teorie dell'impresa$959976 997 $aUNISANNIO